Biggest Cities in the Los Angeles Area - Statistics

General Stats
  • This quiz has been taken 43 times
  • The average score is 6 of 10
Answer Stats
Population (2010 Census) Answer % Correct
3,819,702 Los Angeles
100%
465,576 Long Beach
92%
341,361 Anaheim
84%
215,529 Irvine
70%
329,427 Santa Ana
68%
196,021 Glendale
49%
192,888 Huntington Beach
46%
177,601 Santa Clarita
38%
157,693 Lancaster
32%
173,470 Garden Grove
19%
No matching quizzes found
Score Distribution
Percent of People with Each Score
Percentile by Number Answered
Your Score History
You have not taken this quiz